000 00777nas a2200253 4500
001 BR8708300
003 BR-BrBNA
005 20231205091006.0
007 ta
008 230509b bl.|||p| |||| 00| 00por d
040 _aBR-BrBNA
_bpor
_cBiblioteca Nacional de Agricultura
041 _a(Pt)
072 _aQ02
100 1 _aFonseca, C.H.
245 1 _aCrioscopia do leite - uma revisao bibliografica
246 1 _aMilk cryoscopy, a review
650 _aLEITE
650 _aCRIOSCOPIA
650 _aPRESERVACAO DE ALIMENTO
650 _aCONTROLE DE QUALIDADE
773 0 _tRevista do Instituto de Laticinios Candido Tostes (Brazil)
_xISSN 0100-3674
_g(Nov-Dec 1986), v. 41(248) p. 3-25
_wBR8708300
909 _a202311
_bLúcia
_c55
_dLúcia Elande
942 _2AGRIS
_n0
_cANA
999 _c122080
_d122080